[Event "EOC-ch Playoff-C 2021"]
[Site "Online"]
[Date "2021.03.29"]
[Round "1.10"]
[White "Grachev, Boris"]
[Black "Moranda, Wojciech"]
[Result "1/2-1/2"]
[WhiteElo "2619"]
[BlackElo "2618"]
[Annotator "TA"]
[PlyCount "74"]
[EventDate "2021.03.29"]
[EventType "team-tourn"]
[EventCountry "NET"]
[SourceTitle "playchess.com"]
[Source "ChessBase"]
[SourceQuality "1"]

{[%evp 10,74,0,0,6,4,12,12,6,-22,0,0,0,0,5,-3,0,0,0,-6,-11,-56,-45,-67,-32,-35,-25,-50,-50,-85,-78,-77,-69,-93,-94,-116,-46,-99,-47,-47,-41,-47,-47,-47,-47,-47,-47,-47,-47,-47,-8,-8,-8,-8,-8,-8,-8,-8,0,-8,-8,-8,-8,-8,-4,-3,-4]} 1. Nf3 Nf6 2. c4 e6 3. Nc3 d5 4. e3 Be7 5. b3 O-O 6. Bb2 dxc4 {A13: English Opening: 1...e6.} 7. Bxc4 a6 8. Be2 c5 {[#]} 9. Ne5 $146 ({Predecessor:} 9. Qc2 Nc6 10. g4 Nxg4 11. Rg1 f5 12. Ne4 b5 13. Nxc5 Qd5 14. Nd3 Bb7 15. h3 {1-0 (33) Duda,J (2729)-Mamedyarov,S (2765) Paris 2019}) 9... Nfd7 10. Nxd7 Bxd7 11. O-O Bc6 12. Rc1 Nd7 13. Bf3 Rc8 14. d4 cxd4 {aiming for ...Bxf3.} 15. exd4 Nf6 16. d5 Nxd5 17. Nxd5 exd5 18. Re1 Bf6 19. Bxf6 Qxf6 20. Qd2 Rfd8 21. Qb4 g6 22. Rcd1 {[#]} h5 (22... d4 $1 $17 23. Be2 Rd7) 23. h3 {[#]} (23. Qd4 $15 Rd6 24. Qxf6 Rxf6 25. Rd2) 23... Rd7 (23... d4 $1 $17 24. Rd3 b5) 24. Rd4 $15 Rcd8 {[%cal Bc8d8,Bd8d6,Bd6e6,Be6e7,Be7e1][%mdl 32]} 25. Red1 Re7 26. Qd2 Re5 27. Rf4 Qe7 28. Rd4 Rd6 29. Qb4 Rde6 (29... Qd8 {with more complications.} 30. Qd2 Qf6 31. Kh2 Rde6 32. a4 Kg7) 30. Qxe7 {The position is equal.} Rxe7 31. Bxd5 Bxd5 32. Rxd5 Rxd5 33. Rxd5 $11 {KR-KR} Re1+ 34. Kh2 Re2 35. a4 Rb2 36. Rd3 Kf8 37. Kg3 Ke7 {Weighted Error Value: White=0.10/Black=0.09} 1/2-1/2

[Event "EOC-ch Playoff-C 2021"]
[Site "Online"]
[Date "2021.03.29"]
[Round "1.11"]
[White "Socko, Bartosz"]
[Black "Motylev, Alexander"]
[Result "1/2-1/2"]
[WhiteElo "2618"]
[BlackElo "2641"]
[Annotator "TA"]
[PlyCount "72"]
[EventDate "2021.03.29"]
[EventType "team-tourn"]
[EventCountry "NET"]
[SourceTitle "playchess.com"]
[Source "ChessBase"]
[SourceQuality "1"]

{[%evp 12,72,18,27,21,19,21,5,26,0,22,16,11,-38,-41,-43,-43,-52,0,-10,0,0,0,0,12,0,29,-35,-40,-257,-253,-275,-281,-232,-15,-47,-21,-28,-70,-66,-14,-120,-108,-104,-19,-124,-116,-123,0,0,0,0,0,0,0,0,0,0,0,0,0,0,0]} 1. d4 d5 2. Nf3 Nf6 3. c4 c6 4. e3 Bf5 5. Nc3 e6 6. Nh4 Be4 $1 {[%mdl 4] is currently scoring better than 6...Bg6.} 7. f3 Bg6 {D12: Slav Defence: 3 Nf3 Nf6 4 e3 Bf5.} 8. Nxg6 hxg6 9. g3 Nbd7 10. Kf2 Be7 11. Kg2 a6 {[#]} 12. e4 $146 ({Predecessor:} 12. cxd5 cxd5 13. Qb3 Qb6 14. Bd2 Rc8 15. Be2 O-O 16. Rhc1 Rc6 17. Na4 Qxb3 18. axb3 Rfc8 19. Rxc6 Rxc6 20. Rc1 {½-½ (20) Lintchevski,D (2561)-Malakhov,V (2691) Jurmala 2016}) 12... dxe4 13. fxe4 e5 14. d5 Bc5 15. Bd3 Rc8 16. Qf3 Bd4 17. Ne2 Ba7 18. b3 Qe7 19. Bb2 ({White should try} 19. Bg5 $11) 19... Nc5 $15 {...cxd5 is the strong threat.} 20. Rad1 $2 (20. Ba3 $15) 20... cxd5 $19 ({Stronger than} 20... Qd7 21. h3 $11) 21. cxd5 Nxd3 22. Rxd3 O-O $2 ({Better is} 22... Rc2 $19 23. Bc3 Nxe4 $1 24. Qxe4 f5 25. Qa4+ b5 26. Qxa6 Rxe2+ 27. Kf1 Rf2+ 28. Ke1 O-O 29. Qe6+ Qxe6 30. dxe6 Re8) 23. Rhd1 Rc2 24. R1d2 Rxd2 25. Rxd2 Rc8 (25... Qc5 $1 $15) 26. d6 (26. Bc3 $11) 26... Qe6 $17 27. Ba3 Ng4 (27... Qd7 $17 28. Bb2 Qe8) 28. h3 {[#]} (28. d7 $11 Rd8 29. Rd6 Ne3+ 30. Kh1) 28... Ne3+ $1 29. Kh2 Rc2 (29... Qd7 $17 {White must now prevent ...f5.} 30. Bb2 f6) 30. Rxc2 $1 $11 {The position is equal.} Nxc2 31. Qd3 $36 {[%mdl 2048] White has the initiative.} Nxa3 32. d7 Bb6 33. d8=Q+ Bxd8 34. Qxd8+ Kh7 35. Qh4+ Kg8 {Hoping for ...Qd7.} 36. Qd8+ Kh7 {Weighted Error Value: White=0.33/Black=0.31} 1/2-1/2

[Event "EOC-ch Playoff-C 2021"]
[Site "Online"]
[Date "2021.03.29"]
[Round "1.12"]
[White "Murzin, Volodar"]
[Black "Tomczak, Jacek"]
[Result "0-1"]
[WhiteElo "2478"]
[BlackElo "2610"]
[Annotator "TA"]
[PlyCount "63"]
[EventDate "2021.03.29"]
[EventType "team-tourn"]
[EventCountry "NET"]
[SourceTitle "playchess.com"]
[Source "ChessBase"]
[SourceQuality "1"]

{[%evp 20,63,19,0,49,44,42,26,36,12,29,20,35,11,48,10,16,20,80,0,0,0,0,-142,-160,-206,-215,-222,-212,-190,-125,-131,-140,-189,-191,-229,-206,-481,-528,-516,-501,-488,-471,-592,-581,-841]} 1. e4 e6 2. d4 d5 3. Nc3 Nf6 4. e5 Nfd7 5. Nce2 c5 6. c3 Nc6 7. f4 Qb6 8. Nf3 Be7 9. g3 O-O {9...cxd4 is not played anymore.} 10. Bh3 cxd4 11. cxd4 Kh8 {C05: French Tarrasch: 3...Nf6 4 e5 Nfd7, 5 f4 and 5 Bd3 sidelines.} 12. O-O a5 13. a4 f5 {White has an edge.} 14. Kh1 Ndb8 15. g4 {[#]} fxg4 $146 ({Predecessor:} 15... Na6 16. Nc3 Nab4 17. Rg1 Bd7 18. Be3 Be8 19. Qd2 Bg6 20. Rg3 Qa6 21. Nb5 Rac8 22. gxf5 Bxf5 23. Bxf5 exf5 {1-0 (33) Hennigan,M (2415)-Easton,A (2096) England 1998}) 16. Bxg4 Bd7 17. Nc3 Nb4 18. Be3 Be8 (18... N8c6 $11 {remains equal.}) 19. Rc1 (19. Ng5 $16 Bd7 20. Qe2) 19... Bg6 $11 20. Nb5 {Threatens to win with Nc7.} N8a6 21. Rg1 {[#]} (21. Qd2 $11) 21... Nd3 $1 $17 22. Rc3 Nxb2 ({Weaker is} 22... Nxf4 23. Qd2 $18) 23. Qb3 Nc4 24. Bc1 Nb4 (24... Rac8 $19 25. Nd6 Bxd6 26. Qxb6 Nxb6 27. Rxc8 Nxc8 28. exd6 Nxd6) 25. Bh3 Be4 26. Re1 {intending Rxe4!} Rac8 27. Kg1 Rc6 28. Ng5 $2 (28. Rf1 {keeps fighting.}) 28... Bxg5 $19 {[%mdl 64] Overworked Piece. Black is clearly winning.} 29. fxg5 Nxe5 30. Rf1 {[%cal Rf1f8] [#]} Nf3+ $1 31. Rfxf3 (31. Rcxf3 Rxf3) 31... Bxf3 32. Ba3 {Weighted Error Value: White=0.47/Black=0.12} 0-1

[Event "EOC-ch Playoff-C 2021"]
[Site "Online"]
[Date "2021.03.29"]
[Round "2.1"]
[White "Rapport, Richard"]
[Black "Tomashevsky, Evgeny"]
[Result "1/2-1/2"]
[WhiteElo "2763"]
[BlackElo "2706"]
[Annotator "TA"]
[PlyCount "126"]
[EventDate "2021.03.29"]
[EventType "team-tourn"]
[EventCountry "NET"]
[SourceTitle "playchess.com"]
[Source "ChessBase"]
[SourceQuality "1"]

{[%evp 11,126,22,22,0,11,0,11,0,0,4,3,-2,-9,-2,-9,-9,-8,-5,0,-9,5,16,22,22,25,24,32,24,19,19,21,6,63,0,0,0,0,0,0,0,0,0,0,0,0,0,8,0,0,0,0,0,4,0,0,0,0,0,0,0,0,0,0,0,0,0,104,106,96,108,111,54,72,10,69,54,54,0,0,0,0,0,0,0,0,0,0,0,0,0,443,433,397,0,0,0,0,0,0,0,0,0,0,0,0,0,0,0,0,0,0,0,0,0,0,0,0]} 1. c4 Nf6 2. Nf3 e6 3. g3 d5 4. Bg2 dxc4 5. Qa4+ Nbd7 6. Qxc4 a6 7. a4 {A13: English Opening: 1...e6.} b5 8. Qc6 Rb8 {[#] White must now prevent ...Bc5.} 9. axb5 Bb7 10. Qc2 axb5 11. O-O Be7 12. d3 c5 13. Bf4 Rc8 14. Nc3 Qb6 15. Qb3 Bc6 16. Ne5 Bxg2 {[#]} 17. Nxd7 $146 ({Predecessor:} 17. Kxg2 Nxe5 18. Bxe5 Qb7+ 19. Kg1 b4 20. Bxf6 gxf6 21. Qa4+ Kf8 22. Ne4 f5 23. Nd2 f4 24. Qa6 {1-0 (60) Finkelshtein,E (2196)-Moskalets,S (2138) Evpatoria 2006}) 17... Nxd7 18. Kxg2 b4 19. Ne4 O-O 20. Rfc1 Qb7 21. Kg1 {With the idea Bd6.} Qd5 (21... Ra8 $11) 22. Nd2 (22. Qxd5 $1 $14 exd5 23. Nd6) 22... Ra8 $11 23. Qd1 Rxa1 24. Rxa1 Ra8 25. Nc4 h6 26. Ra4 Qc6 27. Ra1 Ra6 28. h4 (28. f3 {with more complications.} Bf6 29. Kf2 Rxa1 30. Qxa1 g5 31. Be3) 28... Qa8 29. Rc1 Nb6 30. Nxb6 Rxb6 31. Be3 Rb5 32. b3 Ra5 33. d4 cxd4 34. Qxd4 {Hoping for Qd7.} Bf8 35. Qc4 Ra1 36. Rxa1 Qxa1+ 37. Kg2 h5 38. Bd2 Qd1 (38... Qa5 $11 {keeps the balance.}) 39. Bxb4 $16 Bxb4 40. Qxb4 Qxe2 {[%mdl 4096] Endgame [#] KQ-KQ} 41. Qc5 ({White should play} 41. Qb8+ $1 $16 Kh7 42. Qb7) 41... e5 42. b4 (42. Qc8+ $16 Kh7 43. Qf5+ Kg8 44. Qf3) 42... Qe4+ (42... e4 $1 $11) 43. Kh2 f5 $1 44. b5 (44. Qe7 $1 $14) 44... f4 $1 $11 45. b6 fxg3+ 46. fxg3 Qe2+ 47. Kg1 {And now Qc3 would win.} Qd1+ 48. Kg2 Qd2+ 49. Qf2 (49. Kf1 {keeps more tension.} Qd1+ 50. Kg2) 49... Qd5+ 50. Kh2 e4 $2 {[%mdl 8192]} (50... Qb5 $1 $11 {and Black is okay.}) 51. Qb2 $18 {Strongly threatening b7.} Qb7 52. Qd4 $2 (52. Qa2+ $18 Kh7 53. Qe6 (53. Qa7 Qd5 $11)) 52... Kh7 $11 {The position is equal.} 53. Qc5 Qf7 54. Kg1 Qf3 55. Qf2 (55. Kh2 {with more complications.} Qe2+ 56. Kh3 Qf1+ 57. Kh2 Qe2+) 55... Qb3 56. Qf5+ Kg8 57. Qc8+ Kh7 $1 58. b7 {Threatens to win with Qf5+.} (58. Qc7 {is more complex.} Qd1+ 59. Kf2 Qd2+ 60. Kg1 Qd1+) 58... Qd1+ 59. Kh2 Qe2+ 60. Kh1 {White threatens Qf5+ and mate.} Qf1+ 61. Kh2 {aiming for Qc2.} Qf2+ 62. Kh1 Qf1+ 63. Kh2 {Qc2! is the strong threat.} Qf2+ {Weighted Error Value: White=0.15/Black=0.19} 1/2-1/2

[Event "EOC-ch Playoff-C 2021"]
[Site "Online"]
[Date "2021.03.29"]
[Round "2.6"]
[White "Moranda, Wojciech"]
[Black "Zhigalko, Andrey"]
[Result "1/2-1/2"]
[WhiteElo "2618"]
[BlackElo "2517"]
[Annotator "TA"]
[PlyCount "87"]
[EventDate "2021.03.29"]
[EventType "team-tourn"]
[EventCountry "NET"]
[SourceTitle "playchess.com"]
[Source "ChessBase"]
[SourceQuality "1"]

{[%evp 11,87,24,33,14,8,7,13,8,17,18,41,33,26,25,0,0,0,0,0,0,0,0,0,0,0,0,0,0,0,0,0,0,0,0,0,0,0,0,0,0,0,0,0,0,0,-27,-25,-35,-36,-119,-117,-116,-118,-120,-102,-131,-50,-50,-50,-50,-50,-50,-50,-50,-50,-50,-50,-50,-50,-50,-50,-50,-50,-50,-50,-50,-50,-50]} 1. d4 Nf6 2. c4 e6 3. Nf3 b6 4. g3 Bb7 5. Bg2 c5 6. d5 exd5 7. cxd5 {E16: Queen's Indian: 4 g3 Bb7 5 Bg2 Bb4+.} Bxd5 8. Nc3 Bc6 9. e4 {The position is equal.} Nxe4 10. Nxe4 Bxe4 11. Qe2 Qe7 12. O-O $1 Nc6 13. Re1 Bxf3 14. Bxf3 Qxe2 15. Rxe2+ Be7 16. Bxc6 dxc6 17. Bf4 {And now Rae1 would win.} Kf8 $1 18. Rae1 g5 $1 19. Rxe7 gxf4 $11 {[%mdl 4096] Endgame KRR-KRR} 20. Rc7 {[#]} fxg3 $146 ({Predecessor:} 20... Rg8 21. Ree7 Rg7 22. Kg2 h5 23. a4 fxg3 24. hxg3 h4 25. Rxa7 Rxa7 26. Rxa7 hxg3 27. Rb7 gxf2+ 28. Kxf2 Rg4 29. Rxb6 Rxa4 30. Rxc6 Rb4 31. Rxc5 Rxb2+ 32. Kf3 {½-½ (32) Postny,E (2653)-Zhigalko,A (2585) Belgium 2016}) 21. hxg3 Kg7 22. Ree7 Rhf8 23. Rxc6 Rfe8 24. Rd7 Red8 25. Re7 Rd2 26. Rcc7 Rxb2 27. Rxf7+ Kg6 28. Rxh7 Rxa2 29. Rcf7 Rg8 30. g4 (30. Rxa7 $15 Rxa7 31. Rxa7) 30... Ra4 31. f3 {[#]} Rf4 $1 {[%mdl 512]} 32. Rxa7 Rxf3 33. Rhb7 Rb3 (33... Kg5 $17 34. Rxb6 Kxg4) 34. Ra6 $15 {Black is slightly better.} Kf6 35. Rbxb6+ Rxb6 36. Rxb6+ {KR-KR} Ke5 37. Kf2 Rxg4 38. Ke3 Rg3+ 39. Kd2 Kd4 40. Rd6+ Kc4 41. Rc6 Rg2+ 42. Kc1 $1 Kd4 43. Rh6 c4 44. Rh3 {Weighted Error Value: White=0.04/Black=0.02} 1/2-1/2

[Event "EOC-ch Playoff-C 2021"]
[Site "Online"]
[Date "2021.03.29"]
[Round "2.7"]
[White "Kazakouski, Valery"]
[Black "Tomczak, Jacek"]
[Result "0-1"]
[WhiteElo "2476"]
[BlackElo "2610"]
[Annotator "TA"]
[PlyCount "92"]
[EventDate "2021.03.29"]
[EventType "team-tourn"]
[EventCountry "NET"]
[SourceTitle "playchess.com"]
[Source "ChessBase"]
[SourceQuality "1"]

{[%evp 9,92,27,42,17,8,21,49,7,68,62,145,138,138,106,106,108,109,104,97,111,113,95,129,119,108,111,146,97,129,129,122,44,43,30,36,25,22,21,17,10,14,12,31,12,16,0,0,0,20,16,34,34,64,82,316,307,257,213,174,143,181,155,256,247,264,264,256,252,238,179,1125,1025,29989,29990,29992,633,608,609,827,799,1079,252,232,-1021,-1021]} 1. d4 Nf6 2. Nf3 c5 3. d5 b5 {[%cal Bb7b5,Bb5b4][%mdl 32]} 4. Bg5 Qb6 5. a4 {[%cal Ba2a4,Ba4a5][%mdl 32]} b4 $1 6. a5 {A43: Schmid Benoni.} Qd6 7. c4 Ne4 8. Bh4 {White is slightly better.} e6 (8... f5 $11) 9. Qd3 $1 $14 {[%cal Rd3e4]} exd5 (9... Nf6 $14) 10. cxd5 $16 Qg6 {[#]} 11. Nbd2 $146 ({Predecessor:} 11. Qe3 f5 12. Nbd2 d6 13. Ng5 Kd7 14. Ngxe4 fxe4 15. Qxe4 Bb7 16. O-O-O Na6 17. Qc4 {1-0 (38) Kursova,M (2319)-Charochkina,D (2362) Mamaia 2016}) 11... Nxd2 12. Qxd2 {[#] Threatens to win with Qe3+.} Qe4 13. e3 Ba6 14. Bxa6 Nxa6 {[#]} 15. d6 $1 f6 16. Bg3 Rc8 17. O-O g6 18. Qe2 Rc6 19. Rfd1 Bg7 20. Nd2 ({Better is} 20. Rac1 $16) 20... Qe6 $14 21. Nc4 f5 22. e4 fxe4 ({Much weaker is} 22... Qxe4 $6 23. Qf1 $16) 23. Re1 O-O 24. Qxe4 Qxe4 25. Rxe4 Rcc8 26. Rae1 Nb8 27. f4 Nc6 28. Bf2 Bd4 29. g4 Kg7 30. Kg2 Bxf2 31. Kxf2 Nd4 $2 (31... h5 $16 {was necessary.}) 32. Re7+ $18 Kg8 33. R1e4 Rcd8 34. R7e5 Rc8 35. Kg3 Rfd8 (35... Ne6 $16 36. Ne3 Rc6) 36. h4 Ne6 37. f5 gxf5 38. gxf5 Nd4 39. Kg4 Kf7 $2 (39... Rf8 40. Re7 Rxf5) 40. Re7+ Kf6 41. Ne3 {[%cal Re3d5]} Rg8+ 42. Kf4 (42. Kh5 $142 Ne6 43. fxe6 Rg7 44. exd7 Rxe7 45. dxe7 Rh8 46. e8=Q Rxe8 47. dxe8=Q Kg7 48. Nf5+ Kf6 49. Qf8#) 42... Ne2+ 43. Kf3 Nd4+ 44. Kf2 Rcf8 45. R4e5 $2 (45. Rf4 {[%cal Re3d5]} Ne6 46. fxe6+ Ke5 47. Rxf8 Rxf8+ 48. Rf7) 45... Ne6 46. Nd5+ $4 {[%mdl 8192]} (46. Rd5 $18 Nf4 47. Rd1) 46... Kxe5 {What a bad dream for White.  Weighted Error Value: White=0.59/Black=0.43} 0-1

[Event "EOC-ch Playoff-C 2021"]
[Site "Online"]
[Date "2021.03.29"]
[Round "2.9"]
[White "Fedoseev, Vladimir"]
[Black "Adams, Michael"]
[Result "1-0"]
[WhiteElo "2687"]
[BlackElo "2716"]
[Annotator "TA"]
[PlyCount "77"]
[EventDate "2021.03.29"]
[EventType "team-tourn"]
[EventCountry "NET"]
[SourceTitle "playchess.com"]
[Source "ChessBase"]
[SourceQuality "1"]

{[%evp 9,77,14,22,12,10,8,22,25,30,0,19,0,0,0,0,0,0,0,0,-23,-29,-12,-32,-23,0,0,0,0,0,0,0,0,30,22,26,27,37,54,81,42,75,43,78,50,150,147,167,181,176,176,159,143,121,121,258,262,332,336,285,215,567,175,29982,29983,29995,1272,29989,29985,29985,1053]} 1. e4 e5 2. Nf3 Nc6 3. Bb5 Nf6 4. d3 Bc5 5. c3 O-O 6. O-O {C65: Ruy Lopez: Berlin Defence (3...Nf6), unusual lines and 4 0-0 Bc5.} Re8 7. Bg5 h6 8. Bh4 {The position is equal.} Be7 9. Bxc6 $5 {[%mdl 4] Leaves trodden paths.} dxc6 10. Bg3 Bd6 11. h3 {[#]} Nh5 $146 ({Predecessor:} 11... b6 12. Re1 c5 13. Nbd2 Ba6 14. Qc2 Nh5 15. Bh2 Qf6 16. d4 Nf4 17. dxe5 Bxe5 18. Nxe5 Rxe5 {½-½ (32) Georgiadis,N (2516)-Stefansson,H (2508) Heraklion 2017}) 12. Bh2 Qf6 13. d4 Nf4 14. Nbd2 (14. dxe5 {is interesting.} Bxe5 15. Nxe5 Rxe5 16. Kh1 Re8 17. Qf3) 14... exd4 15. cxd4 {Strongly threatening e5.} Qg6 {[%csl Gf4][%cal Rg6g2]} 16. Bg3 $1 Nxh3+ (16... Nh5 {is more complex.} 17. Nh4 Qg5 18. Nhf3 Qb5 19. a4 Qxb2 20. Be5 Rd8) 17. gxh3 {And now Kg2 would win.} Bxg3 18. fxg3 Bxh3 19. Kf2 Bxf1 20. Qxf1 Rad8 21. Qc4 Rd6 22. Re1 Qh5 23. e5 {[%mdl 1024] White has compensation.} Rg6 24. Ne4 Rg4 25. Qd3 Rd8 26. Qe3 Re8 (26... Qg6 $14) 27. Kg2 $1 $16 Rg6 28. Nf2 Rge6 29. Nd3 Qf5 30. Rf1 R6e7 31. Nh4 Qe6 {Black cannot hold the game after this.} (31... Qd7 $16) 32. Nf5 $18 Rd7 33. Nc5 Qd5+ 34. Kg1 {Qf4 is the strong threat.} Rdd8 $2 (34... Rd6 {is a better chance.} 35. Nxb7 (35. Nxd6 cxd6 36. Nxb7 dxe5 $16) 35... Rg6) 35. Ne4 $2 $40 {[%mdl 128] White has strong attack.} (35. Qf4 {Black must now prevent Qg4!} Kh8 36. Ne4) 35... Qxa2 $2 (35... Qe6 $18 36. Rf2 Qg6) 36. Nxh6+ {[%mdl 64] Double Attack} Kh7 {[#]} 37. Nxf7 (37. Nf6+ $142 $1 {[%mdl 512]} Kh8 {[#]} 38. Qg5 $1 Rxe5 39. Nf5 Rxf5 40. Qh4+ Rh5 41. Qxh5#) 37... Rd7 38. Neg5+ Kg8 39. Qe4 {Weighted Error Value: White=0.21/Black=0.58} (39. Qf3 $142 Rxf7 40. Nxf7 Qd5 41. Qh5 Qxd4+ 42. Rf2 Kf8 43. Nd6+ {[%mdl 64] Double Attack, Discovered Attack} Qxf2+ 44. Kxf2 cxd6 45. exd6) 1-0

[Event "EOC-ch Playoff-C 2021"]
[Site "Online"]
[Date "2021.03.29"]
[Round "2.11"]
[White "Esipenko, Andrey"]
[Black "Jones, Gawain C B"]
[Result "1-0"]
[WhiteElo "2677"]
[BlackElo "2670"]
[Annotator "TA"]
[PlyCount "201"]
[EventDate "2021.03.29"]
[EventType "team-tourn"]
[EventCountry "NET"]
[SourceTitle "playchess.com"]
[Source "ChessBase"]
[SourceQuality "1"]

{[%evp 10,201,42,45,54,51,53,25,73,76,78,49,62,67,79,76,84,62,102,100,90,87,190,86,392,400,376,385,434,418,422,418,413,333,391,418,397,396,393,394,412,410,492,399,700,658,717,599,590,585,917,917,898,893,779,252,273,261,254,215,222,215,220,215,229,228,231,231,231,231,229,220,229,229,230,231,269,244,252,244,244,236,243,235,235,220,220,214,220,214,213,0,213,213,219,220,219,215,233,215,229,209,238,237,235,234,233,233,227,229,225,225,259,259,413,251,243,230,238,239,238,181,181,0,218,181,181,181,198,163,163,163,181,152,181,145,145,145,145,145,145,145,152,152,152,152,152,145,145,145,145,145,145,145,145,145,145,137,152,145,4662,4073,1950,1034,29948,29950,29956,29954,29959,29950,29948,29952,29941,12850,29951,29952,29950,29951,29959,29961,29957,1466,29958,29960,29957,29961,29966,29972,29971,29972,29984,29985,29985,29986]} 1. d4 Nf6 2. c4 g6 3. Nc3 Bg7 4. e4 d6 5. Be2 O-O 6. Be3 a6 {E73: King's Indian: Averbakh Variation without 6...c5.} 7. Nf3 c6 8. h3 Qc7 {White has an edge.} 9. O-O Nbd7 10. Qc2 $5 {[%mdl 4] Exploring less charted territory.} b6 {[#]} 11. Rfd1 $146 ({Predecessor:} 11. b4 Re8 12. Rac1 Bb7 13. Rfd1 Rac8 14. a4 e5 15. dxe5 Nxe5 16. Nxe5 dxe5 17. b5 axb5 18. axb5 {1-0 (54) Marchini,D (1820)-Guzzetti,L (1905) Milan 2012}) 11... e5 12. dxe5 dxe5 13. b4 Re8 14. c5 b5 15. a4 {[%cal Ra4b5]} Bb7 (15... Rb8 $16) 16. Qb3 (16. axb5 $18 {and White stays clearly on top.} axb5 17. Bxb5 Rxa1 18. Rxa1 cxb5 19. Nxb5) 16... Rad8 $2 {[%mdl 8192]} (16... Nf8 $16) 17. axb5 $18 axb5 18. Bxb5 cxb5 19. Nxb5 Qb8 20. Nd6 Re7 21. Ng5 Rf8 22. b5 h6 23. Nxb7 Qxb7 {[#]} 24. c6 $1 {[%mdl 64] Double Attack} Qb8 (24... Qc8 25. Nf3) 25. Nf3 ({Less strong is} 25. cxd7 hxg5 26. Ba7 Qd8 $18) 25... Nb6 26. Ra6 Na8 (26... Nc8 27. b6 Nd6) 27. b6 Nc7 28. Ra3 Ne6 29. b7 Qc7 30. Ra8 Ree8 31. Rxe8 Rxe8 32. Ba7 $2 (32. Qb6 {Hoping for Qxc7.} Qe7 33. b8=Q Rxb8 34. Qxb8+ {[%mdl 64] Double Attack} Ne8 35. Bb6) 32... Qxc6 {intending ...Nd7.} 33. b8=Q Rxb8 34. Bxb8 Nxe4 35. Bxe5 Qc5 {[#]} 36. Qe3 $1 Qxe3 (36... Bxe5 37. Qxc5) 37. fxe3 h5 38. Bxg7 Kxg7 {[%mdl 4096] Endgame KRN-KNN} 39. Rd7 Kf6 40. Kf1 Ng3+ 41. Ke1 g5 42. Rd5 h4 43. Nd4 Nc7 44. Rd6+ Ke7 45. Rc6 Nd5 46. Kf2 Nb4 47. Rb6 Nd3+ 48. Kg1 f6 49. Rb3 Nc5 50. Rb6 ({Better is} 50. Ra3 $18) 50... Nce4 $2 (50... Nd3 $1 $11 {and Black stays safe.}) 51. Rb2 Kd6 52. Ne2 Nf5 53. Rb3 Ke7 54. Ra3 Kf7 55. Kf1 Nd2+ 56. Ke1 Nc4 57. Ra7+ Kg6 58. e4 Nfe3 59. Kf2 Nd1+ 60. Kg1 Nde3 61. Nc3 g4 (61... Ne5 {is a better defense.} 62. Nd5 N3c4) 62. hxg4 Nxg4 63. Nd5 Nd2 64. Ra4 Kg5 65. Rb4 Ne5 66. Ra4 Ng4 $1 67. Ne7 Ne5 68. Kf2 Ndc4 69. Nf5 Nd3+ 70. Kg1 Nde5 71. Ra8 Nd2 72. Rg8+ Kf4 73. Nxh4 Nxe4 74. Ng6+ Nxg6 75. Rxg6 $16 {KR-KN} Kf5 76. Rg8 Kf4 77. Kh2 Ng5 78. Rg7 Kg4 79. Kg1 Kf4 80. Ra7 Ne4 81. Ra4 f5 82. Ra8 Kg4 83. Kh2 Kg5 84. Rg8+ Kf4 $2 {[%mdl 8192]} (84... Kh5 $16 85. g3 Ng5) 85. Kh3 $1 $18 Nf6 86. Rg6 Ne4 87. Kh4 Ke3 88. Ra6 Kf2 89. Kh3 Ng5+ 90. Kh2 Ke3 91. Kg3 $1 Ne4+ {[#]} 92. Kh3 $1 Kf4 {[#]} 93. Kh4 $1 Ke3 94. Ra3+ Kf4 95. Rf3+ Ke5 96. Kh5 {White mates.} Nd2 97. Rd3 Nc4 98. Kg5 Ke4 99. Rd8 Ne3 100. Re8+ Kd3 {[#]} 101. Rxe3+ $1 {[%mdl 512] Weighted Error Value: White=0.22/Black=0.39} 1-0

[Event "EOC-ch Playoff-C 2021"]
[Site "Online"]
[Date "2021.03.29"]
[Round "2.12"]
[White "Cheparinov, Ivan"]
[Black "Shimanov, Aleksandr"]
[Result "1/2-1/2"]
[WhiteElo "2667"]
[BlackElo "2597"]
[Annotator "TA"]
[PlyCount "72"]
[EventDate "2021.03.29"]
[EventType "team-tourn"]
[EventCountry "NET"]
[SourceTitle "playchess.com"]
[Source "ChessBase"]
[SourceQuality "1"]

{[%evp 14,72,17,9,31,-18,20,6,18,20,10,20,43,16,18,13,33,0,0,0,0,0,29,33,32,28,28,20,30,0,0,0,31,-6,0,0,0,-2,0,0,0,-12,-12,-8,-9,-16,-16,-41,-37,-36,-17,-18,-23,-41,0,0,0,0,0,0,14]} 1. d4 d5 2. Nf3 e6 3. c4 Nf6 4. g3 Be7 5. Bg2 O-O 6. O-O Nbd7 7. Nc3 dxc4 8. a4 {[%cal Ba2a4,Ba4a5][%mdl 32]} c5 {E07: Closed Catalan: Main Line (5 Nf3 0-0 6 0-0 Nbd7).} 9. a5 a6 10. d5 exd5 11. Nxd5 Nxd5 12. Qxd5 Nf6 {[%cal Bd7f6,Bf6d5,Bd5b4][%mdl 32] [#]} 13. Qxc4 $146 ({Predecessor:} 13. Qxd8 Rxd8 14. Ne5 Nd5 15. Nxc4 Be6 16. e4 Nc3 17. Nb6 Ne2+ 18. Kh1 Nxc1 19. Nxa8 {1-0 (38) Rubinstein,P-Burgalat,F Buenos Aires 1952}) 13... Be6 14. Qc2 Nd5 15. Rd1 {And now Ne1 would win.} Nb4 16. Qa4 Qe8 17. Qxe8 Raxe8 (17... Rfxe8 {is interesting.} 18. Bg5 f6 19. Bd2 Bb3 20. Rf1 Nc6) 18. Bg5 h6 19. Bxe7 Rxe7 20. Rac1 Rc8 21. Rd2 g6 22. Ne5 Kg7 23. Bf3 Na2 24. Ra1 Nb4 25. Rc1 Na2 26. Ra1 Nb4 27. Ng4 (27. Rc1 {feels hotter.}) 27... Nc6 28. Bxc6 {[#] aiming for Bf3.} Bxg4 29. Bg2 Bxe2 30. Re1 Rce8 31. f4 Bb5 32. Rxe7 Rxe7 33. Kf2 Rc7 34. Rd6 {The position is equal.} Bc6 35. Bxc6 bxc6 36. Kf3 Kf8 {Weighted Error Value: White=0.08/Black=0.10} 1/2-1/2